Drapeaux avec du jaune - Statistiques

Statistiques générales
  • Ce quiz a été pris 25 fois
  • Le résultat moyen est 33 sur 44
Statistiques - réponses
Par images Réponse % Correct
Allemagne
100%
Belgique
95%
Espagne
95%
Jamaïque
95%
Suède
95%
Ukraine
95%
Colombie
91%
Roumanie
91%
Sénégal
91%
Vatican
91%
Bosnie-Herzégovine
86%
Equateur
86%
Ghana
86%
Tchad
86%
Venezuela
86%
Andorre
82%
Lituanie
82%
Macédoine du Nord
82%
Sri Lanka
82%
Bahamas
77%
Cameroun
77%
Ethiopie
77%
Gabon
77%
Mali
77%
Moldavie
77%
Ouganda
77%
Togo
77%
Bénin
73%
Bolivie
73%
Bhoutan
68%
République centrafricaine
64%
République du Congo
64%
Birmanie
59%
Brunei
59%
Grenade
59%
Guinée
59%
Kirghizistan
59%
Mozambique
59%
Guinée-Bissau
55%
Saint-Vincent-et-les-Grenadines
55%
Guyana
50%
Sao Tomé-et-Principe
45%
Vanuatu
45%
Zimbabwe
45%
Aucun quiz correspondant
Distribution des résultats
% des personnes avec chaque résultat
Percentile par nombre de réponses
Votre historique - résultats
Vous n’avez pas pris ce quiz